Central Library OPAC University of Rajshahi

মুক্তির সংগ্রাম / (Record no. 38609)

MARC details
000 -LEADER
fixed length control field 01832nam a22003377a 4500
001 - CONTROL NUMBER
control field 38609
003 - CONTROL NUMBER IDENTIFIER
rucl marc code BD-RjUL
005 - DATE AND TIME OF LATEST TRANSACTION
control field 20211209052828.0
008 - FIXED-LENGTH DATA ELEMENTS--GENERAL INFORMATION
fixed length control field 160720s2012 bg a|||| |||| 00| 0 ben d
020 ## - INTERNATIONAL STANDARD BOOK NUMBER
International Standard Book Number 9789848855195
035 ## - SYSTEM CONTROL NUMBER
System control number (BD-RjUL)38717
040 ## - CATALOGING SOURCE
Original cataloging agency BD-RjUL
Language of cataloging ben
Transcribing agency BD-RjUL
041 ## - LANGUAGE CODE
Language code of text/sound track or separate title ben
082 ## - DEWEY DECIMAL CLASSIFICATION NUMBER
Edition number 23
Classification number 954.14
Author mark and year MUK 2012
245 10 - TITLE STATEMENT
Title মুক্তির সংগ্রাম /
Statement of responsibility, etc. সম্পাদক, আনিসুজ্জামান ; সম্পাদনা পরিষদ, আবদুল মমিন চৌধুরী ; সহযোগী সম্পাদক, সুবলকুমার বণিক, মোবারক হোসেন, দেবাশীষ দেব ; শিল্প সম্পাদক, বীরেন সোম.
260 ## - PUBLICATION, DISTRIBUTION, ETC. (IMPRINT)
Place of publication, distribution, etc. ঢাকা :
Name of publisher, distributor, etc. চন্দ্রাবতী একাডেমী,
Date of publication, distribution, etc. 2012.
300 ## - PHYSICAL DESCRIPTION
Pagination ২৪৮ পৃ. :
Illustrations চিত্র ;
Size ২৯ সেমি.
504 ## - BIBLIOGRAPHY, ETC. NOTE
Bibliography, etc বিবলিওগ্রাফি ও ইনডেক্স অন্তর্ভুক্ত আছে.
520 ## - SUMMARY, ETC.
Summary, etc. Articles on the history of freedom movements in undivided Bengal, India and Bangladesh, from 1757 to 1971.
651 ## - SUBJECT ADDED ENTRY--GEOGRAPHIC NAME
Geographic name Bengal (India)
General subdivision History.
9 (RLIN) 119126
Geographic name Bangladesh
General subdivision History.
9 (RLIN) 119127
Geographic name Bengal (India)
General subdivision Politics and government.
9 (RLIN) 119128
Geographic name Bangladesh
General subdivision Politics and government.
9 (RLIN) 116974
700 ## - ADDED ENTRY--PERSONAL NAME
Personal name আনিসুজ্জামান.
Personal name বণিক, সুবলকুমার.
Personal name হোসেন, মোবারক.
Personal name দেব, দেবাশীষ.
Personal name সোম, বীরেন
710 ## - ADDED ENTRY--CORPORATE NAME
Corporate name or jurisdiction name as entry element চন্দ্রাবতী একাডেমী.
9 (RLIN) 119133
942 ## - ADDED ENTRY ELEMENTS (KOHA)
Source of classification or shelving scheme Dewey Decimal Classification
Koha item type Books
Holdings
Lost status Source of classification or shelving scheme Damaged status Not for loan Collection code Permanent Location Current Location Shelving location Date acquired Source of acquisition Cost, normal purchase price Total Checkouts Full call number Date last seen Date checked out Copy number Koha item type
  Dewey Decimal Classification     Non-fiction Central Library, University of Rajshahi Central Library, University of Rajshahi   08/06/2013 Chandrabati Academy, Dhaka 700.00 2 B 954.14 MUK 2012 16/10/2016 14/08/2016 C-3 Books
  Dewey Decimal Classification     Non-fiction Central Library, University of Rajshahi Central Library, University of Rajshahi   08/06/2013 Chandrabati Academy, Dhaka 700.00   B 954.14 MUK 2012 30/01/2016   C-2 Books
  Dewey Decimal Classification     Non-fiction Central Library, University of Rajshahi Central Library, University of Rajshahi   16/04/2016 Viddasogor, Rajshahi 700.00   B 954.14 MUK 2012 18/04/2016   C-4 Books
  Dewey Decimal Classification     Non-fiction Central Library, University of Rajshahi Central Library, University of Rajshahi   16/04/2016 Viddasogor, Rajshahi 700.00   B 954.14 MUK 2012 18/04/2016   C-5 Books
  Dewey Decimal Classification     Non-fiction Central Library, University of Rajshahi Central Library, University of Rajshahi   16/04/2016 Viddasogor, Rajshahi 700.00   B 954.14 MUK 2012 18/04/2016   C-6 Books
  Dewey Decimal Classification     Non-fiction Central Library, University of Rajshahi Central Library, University of Rajshahi   16/04/2016 Viddasogor, Rajshahi 700.00   B 954.14 MUK 2012 20/07/2016   C-7 Books